000 00605nam a22001817a 4500
010 _aENG-119976
020 _a9789350099896
_c399.00
035 _aEN-103508
037 _bDBAD/PUB
082 _a327.54051
100 _aGupta, Shishir
245 _aThe Himalayan face-off :
_bchinese assertion and the Indian riposte /
_cby Shishir Gupta
260 _aGurgaon
_bHachette India
_c2015
270 _a4th and 5th Floors, Corporate Centre, Plot No. 94, Sector 44,
_bGurgaon
_e122003
300 _axiv,328p.
_c22cm(pbk).
500 _aIncludes index
942 _2ddc
_cEN
_h327.54051
_mGUP
999 _c144127
_d144127